000 00291nam a22001337a 4500
003 SGT
020 _a9781632398932
082 _a615.321
_bH17P
100 _aPHILIPS, HOLLY, ED.
245 _aHERBAL MEDICINE
260 _bCALLISTO, REFERENCE CHINA
_c2017
300 _a229
942 _2ddc
_cBK
999 _c19793
_d19793